[Event "Top 16 Groupe B"]
[Site "Chartres, France"]
[Date "2024.05.31"]
[Round "2.17"]
[White "Naiditsch, Arkadij"]
[Black "Narayanan S L"]
[Result "1/2-1/2"]
[WhiteElo "2661"]
[BlackElo "2695"]
[PlyCount "94"]
[EventDate "2024.??.??"]

1. e4 {4} e5 {43} 2. Nf3 {16} Nc6 {6} 3. Nc3 {12} Nf6 {10} 4. Bb5 {9} Nd4 {38}
5. Bc4 {9} Bc5 {20} 6. d3 {21} c6 {86} 7. Nxd4 {344} Bxd4 {114} 8. O-O {12} O-O
{141} 9. Bb3 {38} h6 {194} 10. Be3 {681} a5 {575} 11. a4 {49} Bxe3 {150} 12.
fxe3 {6} d6 {7} 13. d4 {226} Qe7 {126} 14. Qd3 {177} Bg4 {219} 15. Rae1 {1416}
Rae8 {507} 16. Qd2 {598} Bh5 {188} 17. Bc4 {25} Bg6 {83} 18. Bd3 {8} h5 {142}
19. b3 {567} h4 {61} 20. Qf2 {70} Ng4 {87} 21. Qd2 {229} Qg5 {173} 22. d5 {44}
Nf6 {94} 23. Rf2 {150} Rc8 {794} 24. Ref1 {76} Rc7 {261} 25. Rf3 {646} Rfc8 {
409} 26. dxc6 {28} bxc6 {10} 27. Qe1 {185} d5 {247} 28. Rh3 {353} dxe4 {107}
29. Bc4 {2} Nd5 {155} 30. Nd1 {140} Bh5 {248} 31. Nf2 {24} Bf3 {45} 32. g3 {84}
hxg3 {422} 33. Rxg3 {31} Qh6 {27} 34. Rh3 {55} Qxe3 {119} 35. Qxe3 {57} Nxe3 {5
} 36. Nxe4 {8} Bxe4 {43} 37. Rxe3 {2} Bxc2 {13} 38. Rf2 {49} Bg6 {156} 39. Rxe5
{4} c5 {26} 40. h4 {89} Kf8 {133} 41. h5 {34} Bh7 {27} 42. Re6 {222} Ra7 {174}
43. h6 {471} gxh6 {54} 44. Rxh6 {11} Kg7 {16} 45. Rd6 {189} Be4 {332} 46. Re2 {
130} Re8 {601} 47. Bd3 {146} Rae7 {39} 1/2-1/2

[Event "Top 16 Groupe B"]
[Site "Chartres, France"]
[Date "2024.05.31"]
[Round "2.18"]
[White "Nihal Sarin"]
[Black "Bacrot, Etienne"]
[Result "1-0"]
[WhiteElo "2680"]
[BlackElo "2684"]
[PlyCount "61"]
[EventDate "2024.??.??"]

1. e4 {40} c5 {589} 2. Nf3 {27} e6 {5} 3. d4 {98} cxd4 {7} 4. Nxd4 {4} Nc6 {6}
5. Nc3 {4} Qc7 {4} 6. Ncb5 {98} Qb8 {105} 7. Bd3 {7} Nf6 {71} 8. O-O {27} Be7 {
23} 9. Qe2 {299} O-O {662} 10. Nxc6 {183} bxc6 {429} 11. Nd4 {8} c5 {7} 12. Nf3
{4} Bb7 {724} 13. b3 {862} d6 {473} 14. Bb2 {180} Nh5 {599} 15. Qe3 {967} e5 {
53} 16. Rad1 {431} Nf4 {346} 17. Bc4 {169} Qc8 {344} 18. Ne1 {535} Qg4 {97} 19.
f3 {39} Qg6 {16} 20. Qd2 {41} Kh8 {355} 21. Nd3 {48} Ne6 {69} 22. Nxe5 {1338}
dxe5 {69} 23. Qd7 {4} Nf4 {92} 24. g3 {5} Nh5 {721} 25. Qxe7 {343} Nxg3 {37}
26. Qxb7 {12} Rab8 {159} 27. Qd7 {270} Nxf1+ {15} 28. Kxf1 {13} f5 {3} 29. Bxe5
{38} fxe4 {172} 30. f4 {1} Rbe8 {48} 31. Rd6 {49} 1-0

[Event "Top 16 Groupe B"]
[Site "Chartres, France"]
[Date "2024.05.31"]
[Round "2.19"]
[White "Fressinet, Laurent"]
[Black "Navara, David"]
[Result "0-1"]
[WhiteElo "2633"]
[BlackElo "2678"]
[PlyCount "108"]
[EventDate "2024.??.??"]

1. d4 {65} d5 {40} 2. c4 {11} c6 {4} 3. cxd5 {27} cxd5 {4} 4. Bf4 {20} Nc6 {59}
5. e3 {31} Nf6 {42} 6. Bb5 {13} e6 {300} 7. Nc3 {42} Bb4 {297} 8. Nge2 {547}
Nh5 {380} 9. Qa4 {633} Bd7 {305} 10. Bxc6 {356} Bxc3+ {29} 11. Nxc3 {12} Bxc6 {
7} 12. Qd1 {246} Nxf4 {35} 13. exf4 {4} Qb6 {115} 14. Qd2 {44} Bb5 {228} 15. f3
{774} Rc8 {372} 16. Kf2 {225} Rc4 {56} 17. Nxb5 {367} Qxb5 {14} 18. b3 {8} Qb4
{119} 19. Qxb4 {119} Rxb4 {13} 20. Ke3 {3} Kd7 {55} 21. Rhc1 {48} a5 {387} 22.
Rc3 {799} Rc8 {65} 23. Rxc8 {101} Kxc8 {6} 24. Kd3 {8} Kd7 {261} 25. Re1 {298}
a4 {609} 26. Kc3 {25} Rb6 {13} 27. Re2 {559} Rc6+ {249} 28. Kb2 {37} f6 {222}
29. h4 {308} g6 {130} 30. h5 {174} axb3 {264} 31. hxg6 {240} hxg6 {6} 32. axb3
{2} Rc8 {85} 33. g4 {141} Rh8 {35} 34. Kc3 {67} Rh1 {182} 35. Rd2 {51} f5 {511}
36. gxf5 {55} gxf5 {5} 37. Kb4 {25} Kc6 {280} 38. Rc2+ {40} Kd6 {7} 39. Rc8 {25
} Rd1 {101} 40. Rd8+ {7} Ke7 {409} 41. Rb8 {193} Rxd4+ {26} 42. Kc5 {28} Rxf4 {
7} 43. Rxb7+ {23} Kf6 {5} 44. b4 {26} Rxf3 {72} 45. b5 {46} Rc3+ {720} 46. Kd6
{370} Rb3 {48} 47. b6 {82} d4 {109} 48. Kc5 {46} d3 {440} 49. Rd7 {142} e5 {44}
50. b7 {33} e4 {58} 51. Rd6+ {104} Kg5 {11} 52. Rb6 {58} Rxb6 {6} 53. Kxb6 {3}
d2 {6} 54. b8=Q {4} d1=Q {8} 0-1

[Event "Top 16 Groupe B"]
[Site "Chartres, France"]
[Date "2024.05.31"]
[Round "2.20"]
[White "Sokolov, Andrei"]
[Black "Ragger, Markus"]
[Result "1/2-1/2"]
[WhiteElo "2460"]
[BlackElo "2601"]
[PlyCount "58"]
[EventDate "2024.??.??"]

1. e4 {8} e5 {10} 2. Nf3 {13} Nc6 {4} 3. Bc4 {64} Bc5 {54} 4. c3 {276} Nf6 {68}
5. d3 {30} d6 {198} 6. Nbd2 {154} O-O {29} 7. O-O {268} a6 {11} 8. Bb3 {28} h6
{84} 9. Nc4 {1201} Ba7 {193} 10. Re1 {687} Ne7 {713} 11. Be3 {412} b5 {469} 12.
Ncd2 {60} c5 13. d4 {292} Ng4 {1249} 14. Nf1 {181} exd4 {194} 15. cxd4 {21}
Nxe3 {5} 16. Nxe3 {10} Bb7 {9} 17. Bc2 {588} Nc6 {444} 18. d5 {77} Ne7 {5} 19.
a4 {289} Ng6 {145} 20. axb5 {259} axb5 {81} 21. Qd3 {155} c4 {701} 22. Qc3 {196
} Bc8 {330} 23. b3 {411} cxb3 {381} 24. Qxb3 {6} Bd7 {24} 25. Qb2 {50} Nf4 {204
} 26. g3 {87} Nh5 {58} 27. e5 {117} dxe5 {68} 28. Nxe5 {59} Nf6 {182} 29. Rad1
{31} Bxe3 {80} 1/2-1/2

[Event "Top 16 Groupe B"]
[Site "Chartres, France"]
[Date "2024.05.31"]
[Round "2.21"]
[White "Rodshtein, Maxim"]
[Black "Edouard, Romain"]
[Result "1/2-1/2"]
[WhiteElo "2593"]
[BlackElo "2528"]
[PlyCount "71"]
[EventDate "2024.??.??"]

1. d4 {13} d5 {37} 2. Nf3 {25} Nf6 {5} 3. c4 {55} dxc4 {34} 4. e3 {15} e6 {6}
5. Bxc4 {8} c5 {4} 6. O-O {27} a6 {5} 7. dxc5 {145} Qxd1 {5} 8. Rxd1 {4} Bxc5 {
6} 9. Be2 {31} b6 {15} 10. Nd4 {503} Bb7 {129} 11. Nb3 {13} Be7 {9} 12. f3 {22}
g5 {583} 13. e4 {1033} g4 {62} 14. Be3 {113} gxf3 {34} 15. gxf3 {5} Rg8+ {5}
16. Kf1 {53} Nbd7 {24} 17. N1d2 {49} Bd6 {250} 18. Nc4 {1813} Bxh2 {6} 19. Nd6+
{12} Bxd6 {6} 20. Rxd6 {3} Rg6 {3923} 21. Rad1 {169} e5 {55} 22. Bxb6 {503}
Nxb6 {65} 23. Rxb6 {48} Bc8 {2} 24. Na5 {401} Nh5 {352} 25. Rxg6 {105} hxg6 {3}
26. Bc4 {316} f6 {358} 27. Rd6 {424} Ra7 {145} 28. Kf2 {117} Rd7 {74} 29. Rc6 {
96} Kd8 {35} 30. Be6 {81} Rc7 {32} 31. Bxc8 {17} Kxc8 {21} 32. Ke3 {41} Rxc6 {
38} 33. Nxc6 {4} Nf4 {10} 34. b4 {54} Kc7 {22} 35. Na5 {6} Ne6 {83} 36. Nb3 {25
} 1/2-1/2

[Event "Top 16 Groupe B"]
[Site "Chartres, France"]
[Date "2024.05.31"]
[Round "2.22"]
[White "Gatineau, Yovann"]
[Black "Le Roux, Jean-Pierre"]
[Result "0-1"]
[WhiteElo "2407"]
[BlackElo "2473"]
[PlyCount "138"]
[EventDate "2024.??.??"]

1. d4 {241} Nf6 {17} 2. c4 {8} g6 {43} 3. Nc3 {23} d5 {4} 4. Nf3 {25} Bg7 {7}
5. h4 {7} c5 {9} 6. cxd5 {245} Nxd5 {344} 7. h5 {178} Nc6 {443} 8. hxg6 {615}
hxg6 {37} 9. Rxh8+ {6} Bxh8 {2} 10. e3 {146} Bf5 {1025} 11. a3 {1180} Nc7 {1446
} 12. Qb3 {683} Be6 {321} 13. Bc4 {142} Na5 {292} 14. Qa4+ {246} Bd7 {161} 15.
Nb5 {10} Nxc4 {508} 16. Nxc7+ {6} Qxc7 {7} 17. Qxc4 {226} Rc8 18. d5 {341} Qb6
{125} 19. Qc2 {199} c4 {74} 20. e4 {226} c3 {262} 21. b3 {51} Bb5 {197} 22. a4
{75} Qa6 {54} 23. e5 {284} Bd3 {19} 24. Qd1 {7} Rc5 {117} 25. Be3 {249} Rxd5 {
31} 26. Rc1 {76} Bf1 {109} 27. Nd4 {50} Bxg2 {53} 28. Qe2 {88} Bxe5 {120} 29.
Nb5 {32} Qf6 {63} 30. Qc4 {239} Rd8 {27} 31. Nxc3 {122} Bf3 {60} 32. Ne4 Qf5 {
71} 33. Qb5+ {164} Kf8 {10} 34. Ng5 {8} Bc3+ {135} 35. Kf1 {5} Qxb5+ {20} 36.
axb5 {2} Rd1+ {8} 37. Rxd1 {5} Bxd1 {37} 38. Ne4 Bb4 {66} 39. Bxa7 {48} Bxb3 {
19} 40. Nc5 {48} Bc4+ {45} 41. Kg1 {10} Bxb5 {113} 42. Nxb7 {5} f6 {18} 43. Nc5
{219} Kf7 {443} 44. Kg2 {21} Bc6+ {43} 45. Kg3 {14} Bc3 {141} 46. Bb8 {37} Bd4
{49} 47. Nd3 {16} Ke6 {65} 48. f3 {187} Bb6 49. Kg4 {49} Bb5 {42} 50. Nf4+ {14}
Kf7 {3} 51. Nd5 {10} Bf2 {108} 52. Kh3 {78} Bf1+ {136} 53. Kh2 {13} Bc4 {117}
54. Kg2 {24} Bd4 {18} 55. Nb4 {18} Bc5 {47} 56. Nc2 {59} Ke6 {78} 57. Bf4 {8}
Bd3 {69} 58. Na1 {46} Kd5 {92} 59. Nb3 {11} Bb6 {14} 60. Bd2 {67} Bc4 {92} 61.
Nc1 {80} e5 {77} 62. Kg3 {77} f5 {156} 63. Kh4 {33} Bd8+ {50} 64. Kg3 {34} e4 {
96} 65. fxe4+ {33} Kxe4 {13} 66. Kf2 {26} Bh4+ {15} 67. Kg2 {4} f4 {91} 68. Kh3
{18} Bf6 {41} 69. Kg4 {118} Be6# {11} 0-1

[Event "Top 16 Groupe B"]
[Site "Chartres, France"]
[Date "2024.05.31"]
[Round "2.24"]
[White "Navrotescu, Andreea"]
[Black "Sebag, Marie"]
[Result "0-1"]
[WhiteElo "2220"]
[BlackElo "2437"]
[PlyCount "122"]
[EventDate "2024.??.??"]

1. d4 {1} d5 {6} 2. c4 {4} c6 {5} 3. Nf3 {5} Nf6 {4} 4. Qc2 {7} g6 {129} 5. Bf4
{17} Bg7 {116} 6. e3 {10} O-O {99} 7. Nc3 {18} c5 {242} 8. dxc5 {12} Qa5 {87}
9. Rd1 {23} dxc4 {223} 10. Bxc4 {8} Qxc5 {25} 11. Qb3 {40} Nc6 {255} 12. Ng5 {
428} e6 {456} 13. O-O {346} Na5 {463} 14. Qb5 {4} Qxc4 {102} 15. Qxa5 {2} b6 {
297} 16. Qa3 {267} Bb7 {248} 17. f3 {1092} h6 {634} 18. Nh3 {214} Nd5 {861} 19.
Nxd5 {126} exd5 {68} 20. Nf2 {697} g5 {186} 21. Bg3 {674} Rfe8 {33} 22. Rfe1 {
142} Qc2 {132} 23. Nd3 {89} Rxe3 {19} 24. Rxe3 {373} Qxd1+ {28} 25. Re1 {14}
Qc2 {167} 26. Qe7 {457} Qc6 {43} 27. Nb4 {829} Qc5+ {97} 28. Bf2 {4} Qxe7 {35}
29. Rxe7 {2} a5 {350} 30. Nd3 {137} Ba6 {51} 31. Ne1 {96} Bxb2 {173} 32. Bxb6 {
44} a4 {70} 33. Nc2 {128} Bc4 {37} 34. a3 {69} Bb3 {22} 35. Bd4 {32} Bc1 {165}
36. Re1 {42} Bf4 {42} 37. Ne3 {63} Re8 {75} 38. Kf2 {9} Bd6 {145} 39. Ra1 {55}
Kh7 {165} 40. g3 {44} Rc8 {175} 41. h4 {231} Kg6 {42} 42. hxg5 {413} hxg5 {50}
43. g4 {47} f6 {203} 44. Rh1 {219} Bxa3 {363} 45. Nf5 {43} Bf8 {47} 46. Rh8 {56
} Ra8 {74} 47. Rg8+ {695} Kf7 {427} 48. Rh8 {287} Bc2 {185} 49. Ne3 {58} Bg6 {
13} 50. Nxd5 {61} Rd8 {10} 51. Nc7 {34} Rxd4 {224} 52. Rxf8+ {6} Kxf8 {3} 53.
Ne6+ {4} Ke7 {5} 54. Nxd4 {3} Kd6 {10} 55. Ke3 {13} Kd5 {49} 56. Ne2 {109} Kc4
{55} 57. f4 {21} a3 {28} 58. Nc1 {9} Kc3 {18} 59. fxg5 {67} fxg5 {3} 60. Na2+ {
48} Kb2 {55} 61. Nb4 {10} Kb3 {12} 0-1

[Event "Top 16 Groupe B"]
[Site "Chartres, France"]
[Date "2024.05.31"]
[Round "2.25"]
[White "Ivanchuk, Vasyl"]
[Black "Tabatabaei, M. Amin"]
[Result "1-0"]
[WhiteElo "2609"]
[BlackElo "2707"]
[PlyCount "87"]
[EventDate "2024.??.??"]

1. d4 {66} Nf6 {32} 2. c4 {21} e6 {8} 3. Nf3 {3} d5 {8} 4. Nc3 {5} Be7 {8} 5.
Bg5 {36} h6 {9} 6. Bxf6 {18} Bxf6 {6} 7. e3 {5} O-O {18} 8. Rc1 {9} c6 {69} 9.
Bd3 {64} Nd7 {15} 10. O-O {7} dxc4 {42} 11. Bxc4 {5} c5 {5} 12. Bb3 {560} cxd4
{195} 13. exd4 {14} b6 {729} 14. Re1 {1292} Bb7 {88} 15. Nb5 {268} Bg5 {567}
16. Rc2 {1458} Bf4 {25} 17. g3 {351} a6 {190} 18. Nc3 {214} Bd6 {580} 19. d5 {
45} e5 {853} 20. Nd2 {405} f5 {439} 21. Nc4 {20} Rf6 {88} 22. g4 {637} b5 {308}
23. Nxd6 {150} Rxd6 {5} 24. gxf5 {230} Qg5+ {8} 25. Kf1 {52} Qxf5 {627} 26. Ne4
{25} Rg6 {32} 27. Rc7 {164} Nf6 {376} 28. Qc2 {84} Ng4 {248} 29. Ke2 {2} Rb8 {
216} 30. h3 {80} Nh2 {1} 31. Qd3 {23} Qh5+ {77} 32. f3 {40} Rf8 {78} 33. Kd1 {
60} Ba8 {216} 34. Kc1 {19} Kh8 {59} 35. Bd1 {32} Qf5 {60} 36. d6 {28} Rd8 {19}
37. Re3 {39} Rg1 {107} 38. d7 {12} Qe6 {95} 39. b3 {35} Qe7 {40} 40. Kb2 {22}
Rg2+ {7} 41. Bc2 {13} g6 {15} 42. Qd6 {46} Qxd6 {3} 43. Nxd6 {2} Kg7 {3} 44.
Rxe5 {37} 1-0

[Event "Top 16 Groupe B"]
[Site "Chartres, France"]
[Date "2024.05.31"]
[Round "2.26"]
[White "Niemann, Hans Moke"]
[Black "Maurizzi, Marc Andria"]
[Result "1-0"]
[WhiteElo "2688"]
[BlackElo "2617"]
[PlyCount "75"]
[EventDate "2024.??.??"]

1. e4 {34} e5 {30} 2. Nf3 {8} Nc6 {3} 3. Bc4 {23} Nf6 {8} 4. d3 {6} d5 {3} 5.
exd5 {9} Nxd5 {3} 6. O-O {11} Nb6 {2} 7. Bb5 {1487} Bd6 {26} 8. Bxc6+ {396}
bxc6 {31} 9. Nxe5 {26} Bxe5 {4} 10. Re1 {8} Qe7 {2} 11. f4 {1148} Bd4+ {5} 12.
Kh1 {4} Be6 {2} 13. f5 {5} O-O {3} 14. Nd2 {135} Nd5 {1611} 15. Nf3 {262} c5 {
244} 16. fxe6 {146} fxe6 {178} 17. Qe2 {69} Bf6 {469} 18. a3 {372} Rab8 {781}
19. Ra2 {11} Rfe8 {279} 20. Qe4 {72} a5 {371} 21. g3 {192} Qf7 {416} 22. Kg2 {
99} h6 {37} 23. h4 {36} Rb6 {207} 24. Re2 {646} Reb8 {94} 25. c4 {316} Ne7 {15}
26. Be3 {78} Rxb2 {471} 27. Raxb2 {7} Rxb2 28. Rxb2 {27} Bxb2 {2} 29. Bxc5 {9}
Nf5 {277} 30. Qa8+ {287} Kh7 {3} 31. Qxa5 {9} Qg6 {342} 32. Bf2 {111} Bc1 {171}
33. Qxc7 {134} Bxa3 {7} 34. c5 {24} Bc1 {44} 35. Qe5 {42} Qe8 {137} 36. Qe4 {38
} h5 {4} 37. Nd4 {40} Qg6 {4} 38. Nxe6 {69} 1-0

[Event "Top 16 Groupe B"]
[Site "Chartres, France"]
[Date "2024.05.31"]
[Round "2.28"]
[White "Shchekachev, Andrei"]
[Black "Mamedov, Rauf"]
[Result "1/2-1/2"]
[WhiteElo "2492"]
[BlackElo "2651"]
[PlyCount "21"]
[EventDate "2024.??.??"]

1. d4 {3} Nf6 {22} 2. Nf3 {73} d5 {12} 3. c4 {23} c6 {4} 4. Nc3 {49} e6 {7} 5.
e3 {367} Nbd7 {25} 6. Be2 {12} Bd6 {23} 7. O-O {14} O-O {4} 8. b3 {107} e5 {98}
9. dxe5 {333} Nxe5 {176} 10. cxd5 {24} Nxf3+ {4} 11. Bxf3 {8} 1/2-1/2

[Event "Top 16 Groupe B"]
[Site "Chartres, France"]
[Date "2024.05.31"]
[Round "2.29"]
[White "Lagarde, Maxime"]
[Black "Vlachos, Anatole"]
[Result "1/2-1/2"]
[WhiteElo "2622"]
[BlackElo "2470"]
[PlyCount "92"]
[EventDate "2024.??.??"]

1. c4 {7} e6 {9} 2. Nc3 {26} d5 {3} 3. d4 {13} Nf6 {3} 4. cxd5 {95} exd5 {6} 5.
Bg5 {6} c6 {74} 6. e3 {27} h6 {5} 7. Bh4 {42} Be7 {30} 8. Bd3 {20} Nbd7 {5} 9.
h3 {109} O-O {872} 10. Bg3 {115} Re8 {343} 11. Nf3 {109} Bb4 {86} 12. Qb3 {870}
c5 {598} 13. O-O {150} Bxc3 {96} 14. Qxc3 {10} Ne4 {17} 15. Bxe4 {223} dxe4 {51
} 16. Nd2 {297} b6 {279} 17. Rfd1 {353} Qf6 {621} 18. Nb3 {939} Ba6 {188} 19.
Rac1 {38} c4 {559} 20. Nd2 {203} b5 {4} 21. b3 {159} Rac8 {165} 22. a4 {359}
cxb3 {309} 23. Qxb3 {24} Qb6 {874} 24. Rxc8 {384} Rxc8 {41} 25. axb5 {131} Bb7
{231} 26. Ra1 {264} Nf6 {85} 27. Qa4 {478} Bd5 {16} 28. Qb4 {248} Rc2 {148} 29.
Ra6 {41} Qb7 {86} 30. Rd6 {147} Kh7 {101} 31. Kh2 {126} Qc8 {196} 32. Nb1 {294}
Rc1 {162} 33. Qb2 {4} Rc2 {14} 34. Qb4 {3} Rc1 {39} 35. Qb2 {3} Rc2 {6} 36. Qa3
{15} Qc4 {102} 37. Rxf6 {160} gxf6 {8} 38. Qd6 {6} Rc1 {98} 39. Qxf6 {15} Qc8 {
32} 40. Be5 {63} Qg8 {5} 41. Nd2 {48} Rd1 {144} 42. Qf5+ {1310} Qg6 {5} 43. Qc8
{21} f6 {98} 44. Qc2 {58} Rxd2 {250} 45. Qxd2 {3} fxe5 {51} 46. dxe5 {18} Qe6 {
26} 1/2-1/2

[Event "Top 16 Groupe B"]
[Site "Chartres, France"]
[Date "2024.05.31"]
[Round "2.30"]
[White "Abergel, Thal"]
[Black "Guliyev, Namig"]
[Result "1/2-1/2"]
[WhiteElo "2390"]
[BlackElo "2483"]
[PlyCount "31"]
[EventDate "2024.??.??"]

1. e4 {2} e5 {460} 2. Nf3 {8} Nf6 {13} 3. Nxe5 {8} d6 {9} 4. Nf3 {7} Nxe4 {7}
5. Nc3 {4} Nxc3 {7} 6. dxc3 {5} Be7 {5} 7. Bf4 {36} Nc6 {264} 8. Qd2 {127} Be6
{100} 9. Bd3 {253} Qd7 {28} 10. h4 {178} h6 {111} 11. O-O-O {554} a6 {28} 12.
Kb1 {88} O-O-O {18} 13. h5 {133} Bf6 {96} 14. a3 {160} Rhe8 {172} 15. Be3 {323}
Kb8 {292} 16. Nd4 {143} 1/2-1/2

[Event "Top 16 Groupe B"]
[Site "Chartres, France"]
[Date "2024.05.31"]
[Round "2.31"]
[White "Bauer, Christian"]
[Black "Kuhn, Clement"]
[Result "1-0"]
[WhiteElo "2572"]
[BlackElo "2350"]
[PlyCount "91"]
[EventDate "2024.??.??"]

1. d4 {3} Nf6 {102} 2. Nf3 {7} g6 {5} 3. Nbd2 {42} Bg7 {63} 4. e4 {9} d6 {4} 5.
Bb5+ {51} c6 {373} 6. Bd3 {11} O-O {44} 7. O-O {30} Nbd7 {209} 8. Re1 {493} e5
{41} 9. c3 {230} Qc7 {115} 10. Nf1 {1061} Re8 {973} 11. Ng3 {63} Nf8 {164} 12.
h3 {32} Ne6 {124} 13. Be3 {97} Nf4 {329} 14. Bxf4 {153} exf4 {5} 15. Nf1 {21}
Bd7 {533} 16. Qd2 {290} Nh5 {72} 17. N1h2 {215} Re7 {97} 18. Re2 {159} Rae8 {7}
19. Rae1 {4} Qc8 {400} 20. e5 {779} dxe5 {898} 21. Nxe5 {136} Be6 {71} 22. Bc4
{328} Nf6 {216} 23. Bxe6 {105} Rxe6 {23} 24. Qxf4 {205} R6e7 {275} 25. Nhf3 {
173} Nd7 {190} 26. Kf1 {293} Nxe5 {18} 27. Nxe5 {432} Qe6 {172} 28. a3 {559} f6
{108} 29. Nd3 {17} Qxe2+ {12} 30. Rxe2 {4} Rxe2 {3} 31. Qc1 {17} R2e7 {65} 32.
g3 {51} Re4 {315} 33. Qd1 {23} Bh6 {55} 34. Qb3+ {30} Kg7 {253} 35. Qxb7+ {70}
R8e7 36. Qxc6 {61} Re2 37. d5 {111} Rd2 {1} 38. d6 {62} Rd1+ 39. Kg2 {5} Re2 {
18} 40. Qc7+ {82} Kf8 {108} 41. d7 {18} Rxd3 {6} 42. d8=R+ {8} Rxd8 {4} 43.
Qxd8+ {6} Kf7 {12} 44. Qd5+ {56} Re6 {40} 45. c4 {46} Bf8 {1} 46. b4 {18} 1-0

[Event "Top 16 Groupe B"]
[Site "Chartres, France"]
[Date "2024.05.31"]
[Round "2.32"]
[White "Aflalo, Sophie"]
[Black "Daulyte-Cornette, Deimante"]
[Result "0-1"]
[WhiteElo "2136"]
[BlackElo "2381"]
[PlyCount "115"]
[EventDate "2024.??.??"]

1. e4 {203} d6 {7} 2. Nc3 {157} Nf6 {27} 3. d4 {216} e5 {23} 4. Nge2 {304} Be7
{35} 5. h3 {352} O-O {50} 6. Be3 {11} c6 {122} 7. g4 {383} d5 {662} 8. dxe5 {
189} Nxe4 {114} 9. Nxe4 {598} dxe4 {6} 10. Qd4 {74} Be6 {548} 11. Bg2 {168} Nd7
{97} 12. O-O {801} f6 {428} 13. Rad1 {294} Qe8 {856} 14. Nf4 {551} fxe5 {106}
15. Qxe4 {20} Bxa2 {254} 16. Qa4 {643} Bf7 {522} 17. Nd3 {47} Nb6 {616} 18. Qe4
{173} Bd6 {16} 19. Bxb6 {403} axb6 {6} 20. Qe3 {21} Bc7 {281} 21. Rfe1 {88} Ra5
{38} 22. b4 {33} Ra2 {133} 23. Rd2 {172} Qa8 {23} 24. b5 {40} c5 {206} 25. Nc1
{109} Ra5 {175} 26. Rd7 {28} Qc8 {10} 27. Rxf7 {19} Rxf7 {198} 28. Bd5 {26} Qd7
{80} 29. c4 {12} Kf8 {39} 30. Ne2 {40} Ra2 {185} 31. Rf1 {64} Rf6 {51} 32. Ng3
{53} Rf4 {80} 33. Nh5 {67} Rd4 {86} 34. Qf3+ {47} Ke8 {58} 35. Bxb7 {20} Qf7 {
11} 36. Qc6+ {14} Kf8 {55} 37. Qg2 {46} Qxc4 {27} 38. Bc6 {52} Rad2 {98} 39.
Qf3+ {24} Qf7 {18} 40. Qa3 {39} R2d3 {56} 41. Qa8+ {83} Rd8 {51} 42. Qb7 {226}
Rd1 {598} 43. Ng3 {122} Rxf1+ {28} 44. Nxf1 {2} c4 {152} 45. Be4 {44} g6 {42}
46. h4 {293} Rd4 {148} 47. h5 {78} Bd8 {84} 48. Qc8 {712} Qf4 {136} 49. f3 {187
} gxh5 {210} 50. gxh5 {1} Qg5+ {30} 51. Kf2 {19} Qh4+ {102} 52. Ke2 {92} Qxh5 {
19} 53. Qa8 {19} Qh4 {309} 54. Bd5 {105} c3 {94} 55. Bb3 {238} Qg5 {138} 56. f4
{49} Qg4+ {51} 57. Ke1 {15} Kg7 {51} 58. Kf2 {51} 0-1

[Event "Top 16 Groupe B"]
[Site "Chartres, France"]
[Date "2024.06.01"]
[Round "3.1"]
[White "Tabatabaei, M. Amin"]
[Black "Nijboer, Friso"]
[Result "1/2-1/2"]
[WhiteElo "2707"]
[BlackElo "2471"]
[PlyCount "100"]
[EventDate "2024.??.??"]

1. d4 {5} Nf6 {31} 2. c4 {5} g6 {5} 3. Nc3 {6} Bg7 {4} 4. e4 {5} d6 {4} 5. Nf3
{5} O-O {11} 6. Be2 {4} e5 {38} 7. O-O {7} Na6 {204} 8. Be3 {23} c6 {478} 9. d5
{70} Ng4 {162} 10. Bg5 {8} f6 {7} 11. Bh4 {69} c5 {95} 12. a3 {156} b6 {775}
13. Rb1 {47} Nh6 {247} 14. Nd2 {258} g5 {61} 15. Bg3 {8} f5 {4} 16. exf5 {21}
Nxf5 {6} 17. Nde4 {25} Nc7 {405} 18. b4 {167} Ne8 {455} 19. h3 {171} h6 {75}
20. bxc5 {126} bxc5 {109} 21. Bg4 {106} Nf6 {532} 22. Nxf6+ {61} Bxf6 {175} 23.
Ne4 {39} Be7 {574} 24. Rb2 {971} Bd7 {217} 25. Qd3 {530} Rb8 {28} 26. Rxb8 {194
} Qxb8 {5} 27. Rb1 {9} Qc8 {256} 28. Qb3 {485} Qa6 {250} 29. Qb7 {287} Bc8 {7}
30. Qc7 {43} Bd8 {715} 31. Qc6 {341} Qxc6 {17} 32. dxc6 {5} Bb6 {150} 33. a4 {
214} Nd4 {119} 34. Nxd6 {402} Bxg4 {11} 35. hxg4 {3} Nxc6 {6} 36. f3 {25} Rd8 {
129} 37. Nf5 {6} Kh7 {16} 38. Re1 {1523} Ba5 {16} 39. Re2 {64} Bc3 {19} 40. Kh2
{64} Kg6 {91} 41. Re3 {150} Bd4 {703} 42. Rb3 {5} Na5 {126} 43. Rb5 {7} Nxc4 {6
} 44. Rb7 {3} Nd6 {282} 45. Nxd6 {1024} Rxd6 {6} 46. Rxa7 {2} Rc6 {92} 47. Re7
{3} Kf6 {314} 48. Rh7 {3} Kg6 {327} 49. Re7 {5} Kf6 {4} 50. Rh7 {3} Kg6 {4}
1/2-1/2

[Event "Top 16 Groupe B"]
[Site "Chartres, France"]
[Date "2024.06.01"]
[Round "3.2"]
[White "Gavrilescu, David"]
[Black "Niemann, Hans Moke"]
[Result "0-1"]
[WhiteElo "2538"]
[BlackElo "2688"]
[PlyCount "102"]
[EventDate "2024.??.??"]

1. e4 {15} c6 {38} 2. Nf3 {44} d5 {30} 3. Nc3 {28} Bg4 {7} 4. h3 {27} Bxf3 {8}
5. Qxf3 {7} e6 {8} 6. g3 {40} d4 {8} 7. Nb1 {99} h5 {42} 8. h4 {197} Bb4 {9} 9.
a3 {1153} Ba5 {16} 10. b4 {131} Bc7 {19} 11. Ra2 {623} Nd7 {156} 12. d3 {61} a5
{134} 13. Rb2 {67} axb4 {39} 14. axb4 {6} c5 {830} 15. Bg2 {844} Ne5 {94} 16.
Qe2 {176} cxb4 {198} 17. O-O {21} Ra4 {64} 18. Bg5 {304} Ne7 {109} 19. Nd2 {87}
f6 {726} 20. Bf4 {15} N5c6 {32} 21. Bxc7 {740} Qxc7 {247} 22. f4 {16} b5 {47}
23. Nb3 {157} Ra7 {619} 24. Ra1 {380} Ra3 {283} 25. Rab1 {118} Kf7 {62} 26. Bh3
{120} Qb6 {120} 27. Rf1 {83} Ra7 {175} 28. Nd2 {45} Qc5 {182} 29. Nf3 {148} Ra3
{33} 30. e5 {40} Nf5 {44} 31. Bxf5 {142} exf5 {5} 32. Rbb1 {4} Ra2 {143} 33.
exf6 {62} gxf6 {52} 34. Rbc1 {164} Qd5 {64} 35. Qg2 {29} Kg7 {56} 36. Rf2 {84}
Re8 {18} 37. c4 {78} dxc3 {110} 38. Rxa2 {4} b3 {6} 39. Rf2 {141} b2 {13} 40.
Rb1 {85} b4 {466} 41. Rbxb2 {1026} cxb2 {87} 42. Rxb2 {5} Re3 {789} 43. Nd2 {62
} Qxd3 {369} 44. Nf1 {200} Re1 {77} 45. Qxc6 {400} Qxf1+ {330} 46. Kh2 {6} Qg1+
{76} 47. Kh3 {5} Re3 {6} 48. Qb7+ {178} Kg6 {33} 49. Qg2 {19} Qxg2+ {7} 50.
Kxg2 {46} b3 {4} 51. Rd2 {6} Kf7 {74} 0-1